Casa de Caritat : Centre de Cultura Contemporània de Barcelona Centre de Cultura Contemporània de Barcelona
Descripción Física:
15 p. : il., col., 2 d'elles pleg. ; 24 x 24 cm
MARC
| LEADER | 00000nam a2200000Ia 4500 | ||
|---|---|---|---|
| 001 | 10529 | ||
| 008 | 160829s1994?] xx 000 0 cat d | ||
| 080 | |a FU-16-3 | ||
| 245 | |a Casa de Caritat : |b Centre de Cultura Contemporània de Barcelona | ||
| 260 | |a Barcelona : |b [s.n., |c 1994?] | ||
| 300 | |a 15 p. : |b il., col., 2 d'elles pleg. ; |c 24 x 24 cm | ||
| 590 | |a Catàleg editat amb motiu del lliurament per part d'O.C.P., constructors de l'obra... i de la inauguració del centre, el mes de febrer de 1994 | ||
| 610 | 2 | 0 | |a Centre de Cultura Contemporània de Barcelona |9 52510 |
| 650 | |a Casa de Caritat (Barcelona) |x Conservació i restauració |9 31859 | ||
| 901 | |a Arxiu | ||
| 942 | |n 1 | ||
| 952 | |0 0 |1 0 |4 0 |6 FU163 |7 1 |9 45780 |a Arxiu |b Arxiu |d 2016-12-01 |l 0 |o FU-16-3 |p 10529 |r 2016-12-01 00:00:00 |w 2016-12-01 |y ARXIU | ||
| 999 | |c 49280 |d 49280 | ||